000 01287nam a22003497a 4500
003 CHAP
005 20220817041117.0
008 971013s1992 r 00010 d
010 _a6612
011 _a7584
035 _a6807
040 _cCHAP
090 _aTesis
100 0 0 _aPacheco Espinoza, Ponciano Javier.
_984549
245 _aSelección de genotipos de frijol (Phaseolus vulgaris L.) por resistencia horizontal a la conchuela de frijol (Epilachna varivestis Mulsant: Coleoptera: Coccinellidae)
260 _aChapingo, Méx. :
_bEl autor,
_c1992
300 _a58 h.
500 _a62-255
502 _aTesis (Ing. Agr. Esp. en Parasitología Agrícola) -- UACH. Departamento de Parasitología Agrícola
590 _aALEPH
_b10
_c20130110
_lUCH01
_h1220
590 _aBATCH-UPD
_b10
_c20130110
_lUCH01
_h2004
590 _aBATCH-UPD
_b10
_c20130410
_lUCH01
_h1324
590 _aBATCH-UPD
_b10
_c20130914
_lUCH01
_h1313
590 _aCONVERSION
_b10
_c20130109
_lUCH01
_h1305
650 1 4 _aEpilachna varivestis.
650 1 4 _aFrijol
_xRendimiento.
_943429
650 1 4 _aFrijol
_xVariedades resistentes a plagas.
_943450
710 0 _aUACH. Departamento de Parasitología Agrícola.
_9115877
901 _aBK
942 _cTESIS
949 _bBC
_cTES
_d-16417
_eTS1
_h25139
_i6807
_si
999 _c6612
_d6612